• 首页
  • 本馆介绍
  • 公告通知
  • 最新文献
  • 馆藏检索
  • 电子资源
  • 读者导购
  • 参考咨询
  • 我的图书馆
  • 登录
  • 详细信息显示
  • 放入我的书架
  • 预约/预借图书
  • 作者相关作品
  • 分类相关作品
  • 丛书相关作品
  • 出版社相关作品

书目信息

  • 表格格式
  • 工作单格式
  • 卡片格式
题名:
税收理论与实务
    
 
作者: 随新玉 编著
分册:  
出版信息: 大连   东北财经大学出版社  2004
页数: 299页
开本: 21cm
丛书名:
单 册:
中图分类: F812.42
科图分类:
主题词: 税收理论--中国--高等教育--教材 , 税收理论
电子资源:
ISBN: 7-81084-410-5
000 00824nam0 2200253 45
001 020000022598
005 20051220084254.93
010    @a7-81084-410-5@dCNY20.00
092    @aCN
100    @a20041106d2004 ekmy0chiy0120 ea
101 0  @achi
102    @aCN@b210000
105    @ay z 000yy
200 1  @a税收理论与实务@9shui shou li lun yu shi wu@f随新玉编著@Fsui xin yu bian zhu
210    @a大连@c东北财经大学出版社@d2004
215    @a299页@d21cm
330    @a本书主要包括:税收导论、税收的职能和作用、税制要素与税收原则、税收负担与税负转嫁、增值税、消费税、营业税、关税、资源税等十五章内容。
606 0  @a税收理论@y中国@x高等教育@j教材
606 0  @a税收理论
690    @aF812.42@v4
701  0 @a随新玉@Asui xin yu@4编著
801  0 @aCN@bCXYBOOK@c20051220
905    @a10447@dF812.42@e31
999    @aHSJ@eSue
    
    税收理论与实务/随新玉编著.-大连:东北财经大学出版社,2004
    299页;21cm
    
    
    ISBN 7-81084-410-5:CNY20.00
    本书主要包括:税收导论、税收的职能和作用、税制要素与税收原则、税收负担与税负转嫁、增值税、消费税、营业税、关税、资源税等十五章内容。
●
相关链接 在E读中查询图书 在五车中查询图书 在当当中查询图书 在豆瓣中查询图书


正题名:税收理论与实务     索取号:F812.42/31         预约/预借

序号 登录号 条形码 馆藏地/架位号 状态 备注
1 0371910   203719100   第一样本阅览室/ [索取号:F812.42/31] 在馆    
2 0371911   203719119   第一借阅区/ [索取号:F812.42/31] 在馆    
3 0371912   203719128   第一借阅区/ [索取号:F812.42/31] 在馆    
唐山师范学院图书馆 欢迎您!
大连网信软件有限公司© 版权所有